000 00744nam a2200229 i 4500
003 DO-SdBNP
005 20230828144949.0
006 a||||gr|||| 00| 0
007 ta
008 230828e2011 |||ac||| |||| 00| 0 spa d
040 _aDO-SdBNP
_bspa
_cBNPHU
_erda
082 4 _222
_bH557f
100 1 _aHernández Mejía, Edgardo,
_d1965-
_925323
_eautor
245 1 3 _aLa fuerza del sol de junio:
_bel significado histórico de la expedición del 1959. /
_cEdgar Hernández M.
264 1 _aSanto Domingo :
_bSoto Castillo, S.A.,
_c2011
300 _a38 páginas ;
_c18 cm.
336 _2rdacontent
_atexto
_btxt
337 _2rdamedia
_asin mediación
_bn
338 _2rdacarreir
_avolumen
_bnc
590 _aInventariado 2023 / MF
942 _2ddc
_cLF2
999 _c54566
_d54566